000 00471nam a2200205Ia 4500
005 20240823022915.0
008 240823s9999||||xx |||||||||||||| ||und||
020 _a978-0-07-047399-1
041 _aENGLISH
082 _A581.2 P7
100 _aMehrotra R S
245 0 _aPlant Pathology
250 _a2nd
260 _c2007
_b"Tata Mcgraw Hill,New "
500 _aYES
650 _aPlant
_bGeneral
700 _a Ashok Aggarwal
942 _cBK
999 _c180281
_d180281